[Event "Schachfestival 2014"]
[Site "Bad WÃ¶rishofen"]
[Date "2014.03.24"]
[Round "5.72"]
[White "Frei, Markus"]
[Black "Schellmann, Frank"]
[Result "0-1"]
[WhiteElo "1958"]
[BlackElo "2098"]
[Annotator "chessorg"]
[PlyCount "26"]
[EventDate "2014.??.??"]
[WhiteTeam "Freibauer Moerlenbach-Birkenau"]
[BlackTeam "DBSB"]

1. e4 e5 2. Nf3 Nc6 3. Bb5 a6 4. Bxc6 dxc6 5. d4 exd4 6. Qxd4 Qxd4 7. Nxd4 Bg4
8. O-O O-O-O 9. Nb3 Bd1 10. c3 Bc2 11. f3 Ne7 12. Nd4 Bd3 13. Rd1 Bxb1 0-1

[Event "Schachfestival 2014"]
[Site "Bad WÃ¶rishofen"]
[Date "2014.03.24"]
[Round "5.74"]
[White "Riegler, Dieter"]
[Black "Völz, Stephan"]
[Result "1/2-1/2"]
[WhiteElo "2078"]
[BlackElo "1942"]
[Annotator "chessorg"]
[PlyCount "63"]
[EventDate "2014.??.??"]
[WhiteTeam "DBSB"]
[BlackTeam "SVM Wilkau HaÃŸlau"]

1. d4 Nf6 2. c4 e6 3. Nc3 Bb4 4. Qc2 b6 5. a3 Bxc3+ 6. Qxc3 Ne4 7. Qc2 Bb7 8.
Nh3 f5 9. f3 Qh4+ 10. g3 Qe7 11. Bg2 Nf6 12. e4 fxe4 13. fxe4 e5 14. d5 O-O 15.
O-O h6 16. Nf2 d6 17. b4 a5 18. Be3 axb4 19. axb4 Nbd7 20. Bh3 Rfb8 21. Qd2 Nf8
22. Qc2 Bc8 23. Bxc8 Rxc8 24. c5 bxc5 25. bxc5 Qe8 26. c6 Qg6 27. Rxa8 Rxa8 28.
Rb1 Ng4 29. Nxg4 Qxg4 30. Re1 Nh7 31. Kg2 Rf8 32. Kg1 1/2-1/2

[Event "Schachfestival 2014"]
[Site "Bad WÃ¶rishofen"]
[Date "2014.03.24"]
[Round "5.75"]
[White "Heinich, Manfred"]
[Black "Strasser, Josef"]
[Result "1/2-1/2"]
[WhiteElo "2040"]
[BlackElo "1897"]
[Annotator "chessorg"]
[PlyCount "30"]
[EventDate "2014.??.??"]
[WhiteTeam "DBSB"]
[BlackTeam "Schach-Union Muenchen e.V."]

1. d4 Nf6 2. c4 e6 3. Nf3 b6 4. a3 Bb7 5. Nc3 Ne4 6. Nxe4 Bxe4 7. Nd2 Bb7 8. e4
d5 9. cxd5 exd5 10. e5 Nd7 11. Nf3 Be7 12. Bd3 c5 13. O-O O-O 14. Qe2 cxd4 15.
b4 Re8 1/2-1/2

[Event "Schachfestival 2014"]
[Site "Bad WÃ¶rishofen"]
[Date "2014.03.24"]
[Round "5.85"]
[White "Malchow, Uwe"]
[Black "Urban, Rudolf"]
[Result "1-0"]
[WhiteElo "1789"]
[BlackElo "1903"]
[Annotator "chessorg"]
[PlyCount "39"]
[EventDate "2014.??.??"]
[WhiteTeam "SK Altrip"]
[BlackTeam "SC Roter Turm Altstadt"]

1. e4 e5 2. Nf3 Qe7 3. Bc4 h6 4. Nc3 c6 5. O-O Nf6 6. d4 d6 7. h3 Qc7 8. Re1
Be7 9. Bb3 O-O 10. Be3 a5 11. a4 Na6 12. Nd2 Nb4 13. Qf3 Kh7 14. Rad1 Bd7 15.
dxe5 dxe5 16. Nc4 b5 17. axb5 cxb5 18. Nb6 Rab8 19. Nxd7 Nxd7 20. Qf5+ 1-0

[Event "Schachfestival 2014"]
[Site "Bad WÃ¶rishofen"]
[Date "2014.03.24"]
[Round "5.97"]
[White "Distelrath, Oliver"]
[Black "Albert-Thiele, Uwe"]
[Result "1-0"]
[WhiteElo "1964"]
[BlackElo "1455"]
[Annotator "chessorg"]
[PlyCount "43"]
[EventDate "2014.??.??"]
[WhiteTeam "SV Unser Fritz Wanne-Eickel"]
[BlackTeam "SK Freiburg West 1967"]

1. e4 c5 2. Nc3 e6 3. f4 d6 4. Nf3 Nc6 5. Bb5 Bd7 6. O-O a6 7. Bxc6 Bxc6 8. d3
Nf6 9. Ne2 Qb6 10. c4 Rd8 11. Qe1 Be7 12. Ng3 O-O 13. Qe2 Rfe8 14. f5 e5 15. h3
Qc7 16. Nh2 b5 17. b3 Rb8 18. Ng4 Nxg4 19. Qxg4 Bf6 20. Nh5 Qd8 21. Nxf6+ Qxf6
22. Bg5 1-0

[Event "Schachfestival 2014"]
[Site "Bad WÃ¶rishofen"]
[Date "2014.03.24"]
[Round "5.98"]
[White "Schmid, Arnold"]
[Black "Schwarz, Susanne"]
[Result "1-0"]
[WhiteElo "1605"]
[BlackElo "1374"]
[Annotator "chessorg"]
[PlyCount "47"]
[EventDate "2014.??.??"]
[WhiteTeam "Sportgemeinschaft Kaarst 1912/35"]
[BlackTeam "SK Germering e. V."]

1. e4 e6 2. d4 c5 3. c3 d5 4. e5 Nc6 5. Nf3 Be7 6. Be2 Qb6 7. a3 f6 8. b4 cxb4
9. cxb4 a6 10. Be3 Qc7 11. O-O fxe5 12. Nxe5 Nxe5 13. dxe5 Qxe5 14. Bd4 Qg5 15.
Bh5+ Kf8 16. f4 Qh6 17. Nd2 Nf6 18. Be2 Bd7 19. Rc1 Rc8 20. Be5 Rxc1 21. Qxc1
Kf7 22. Nf3 Ne4 23. Ng5+ Nxg5 24. fxg5+ 1-0

[Event "Schachfestival 2014"]
[Site "Bad WÃ¶rishofen"]
[Date "2014.03.24"]
[Round "5.99"]
[White "D Aste, Federico"]
[Black "Traversi, Carlo"]
[Result "1/2-1/2"]
[WhiteElo "1479"]
[BlackElo "1538"]
[Annotator "chessorg"]
[PlyCount "78"]
[EventDate "2014.??.??"]

1. e4 d6 2. d4 e6 3. Nf3 Be7 4. c4 Nd7 5. Be2 Ngf6 6. Nc3 c5 7. d5 exd5 8. exd5
Nb6 9. h3 O-O 10. Bf4 Re8 11. Qc2 Qd7 12. O-O-O Qf5 13. Qxf5 Bxf5 14. g4 Be4
15. Nxe4 Nxe4 16. Rdf1 Bf6 17. b3 g5 18. Bd2 Nc3 19. Bd3 h6 20. h4 Nxa2+ 21.
Kb1 Nc3+ 22. Kc2 Ne4 23. Bc1 Nd7 24. hxg5 Nxg5 25. Nxg5 hxg5 26. Rh5 Re5 27.
Bf5 Nf8 28. Bxg5 Bg7 29. Rfh1 Rae8 30. Bh6 Re2+ 31. Kd1 Ng6 32. Bxg7 Kxg7 33.
Rh7+ Kf6 34. R1h6 Rxf2 35. Bxg6 fxg6 36. Rxb7 Ree2 37. Rxa7 Rb2 38. Ke1 Rg2 39.
Kf1 Rgc2 1/2-1/2

[Event "Schachfestival 2014"]
[Site "Bad WÃ¶rishofen"]
[Date "2014.03.25"]
[Round "6.2"]
[White "Singer, Christoph"]
[Black "Nikolov, Momchil"]
[Result "1-0"]
[WhiteElo "2344"]
[BlackElo "2515"]
[Annotator "chessorg"]
[PlyCount "63"]
[EventDate "2014.??.??"]
[WhiteTeam "FC Bayern Muenchen e.V."]

1. e4 c5 2. Nf3 e6 3. b3 b6 4. d4 cxd4 5. Nxd4 a6 6. Bd3 Bb7 7. O-O Qc7 8. Qe2
Nc6 9. Bb2 Ne5 10. f4 Nxd3 11. cxd3 Nf6 12. Nd2 b5 13. e5 Nd5 14. Ne4 g6 15. f5
Qb6 16. fxe6 fxe6 17. Rac1 Bc6 18. Qf2 Be7 19. Nd6+ Kd8 20. Nxc6+ dxc6 21. Bd4
Qc7 22. Nf7+ Kd7 23. Nxh8 Rxh8 24. Qf7 Qd8 25. Rf6 Qg8 26. Qxg8 Rxg8 27. Rf7 h5
28. Bc5 Ke8 29. Rh7 Bxc5+ 30. Rxc5 Ne7 31. Rc2 Rf8 32. Rf2 1-0

[Event "Schachfestival 2014"]
[Site "Bad WÃ¶rishofen"]
[Date "2014.03.25"]
[Round "6.4"]
[White "Fernandez, Daniel Howard"]
[Black "Epishin, Vladimir"]
[Result "1/2-1/2"]
[WhiteElo "2373"]
[BlackElo "2545"]
[Annotator "chessorg"]
[PlyCount "87"]
[EventDate "2014.??.??"]
[WhiteTeam "Marple (England)"]

1. e4 c6 2. d4 d5 3. e5 Bf5 4. Nf3 e6 5. Be2 Bg6 6. O-O a6 7. b3 Nd7 8. a4 Ne7
9. Ba3 c5 10. dxc5 Nc6 11. c4 dxc4 12. Nbd2 Bxc5 13. Bxc5 Nxc5 14. Bxc4 O-O 15.
Qe2 Bd3 16. Bxd3 Qxd3 17. Qxd3 Nxd3 18. Nc4 b5 19. axb5 axb5 20. Rxa8 Rxa8 21.
Nd6 Rb8 22. Rd1 Ncxe5 23. Nxe5 Nxe5 24. Nxb5 g5 25. Nc3 Rxb3 26. Ne4 g4 27. g3
Kg7 28. Kg2 Rb4 29. Nc5 Rc4 30. Nd3 Rd4 31. Nb2 Rd5 32. Re1 f5 33. h3 h5 34.
hxg4 hxg4 35. Nd1 Nf3 36. Rxe6 Kf7 37. Re2 f4 38. Re4 fxg3 39. Ne3 Rd4 40. Rxd4
Nxd4 41. fxg3 Ke6 42. Nxg4 Nf5 43. Ne3 Nxg3 44. Kxg3 1/2-1/2

[Event "Schachfestival 2014"]
[Site "Bad WÃ¶rishofen"]
[Date "2014.03.25"]
[Round "6.5"]
[White "Kveinys,Aloyzas"]
[Black "Estremera,Sergio"]
[Result "1-0"]
[WhiteElo "2530"]
[Annotator "chessorg"]
[BlackElo "2353"]
[PlyCount "81"]
[EventDate "2014.??.??"]

1. d4 Nf6 2. Nf3 g6 3. c4 Bg7 4. g3 c6 5. Nc3 d5 6. cxd5 cxd5 7. Bg2 O-O 8. Ne5
e6 9. O-O Nfd7 10. Nf3 Nf6 11. Qd3 Nc6 12. Bd2 Bd7 13. Ne5 Nb4 14. Qb1 Nc6 15.
Nxd7 Qxd7 16. e3 Rfc8 17. Rd1 Ne7 18. Qd3 Nf5 19. Rdc1 h5 20. b3 h4 21. Rc2
hxg3 22. hxg3 Nd6 23. Rac1 Rc6 24. Be1 Rac8 25. Na4 b6 26. Nb2 R8c7 27. Qd1 Qc8
28. Rxc6 Rxc6 29. Rxc6 Qxc6 30. Nd3 Nd7 31. g4 a5 32. Bf1 Qc7 33. Kg2 Qc6 34.
Qc1 Qxc1 35. Nxc1 g5 36. f3 Bf8 37. Bd3 f6 38. Ne2 Kf7 39. Nc3 Be7 40. Bg3 Nb8
41. Nb5 1-0

[Event "Schachfestival 2014"]
[Site "Bad WÃ¶rishofen"]
[Date "2014.03.25"]
[Round "6.6"]
[White "Teske, Henrik"]
[Black "Cocchi, Andrea"]
[Result "1-0"]
[WhiteElo "2519"]
[BlackElo "2321"]
[Annotator "chessorg"]
[PlyCount "63"]
[EventDate "2014.??.??"]
[WhiteTeam "SV Glueck auf Ruedersdorf e.V."]
[BlackTeam "CSB"]

1. c4 d6 2. d4 e5 3. Nf3 Nd7 4. Nc3 Ngf6 5. g3 Be7 6. Bg2 O-O 7. O-O c6 8. e4
Qc7 9. h3 Re8 10. Be3 a6 11. Rc1 Bf8 12. Re1 Qb8 13. b4 exd4 14. Nxd4 Ne5 15.
Qe2 c5 16. bxc5 dxc5 17. Nf3 Nc6 18. Bf4 Qa7 19. Nd5 Nxd5 20. cxd5 Ne7 21. Ng5
h6 22. Nxf7 Kxf7 23. e5 Bf5 24. g4 Bg6 25. d6 Kg8 26. Be3 Nc6 27. Bxc5 b6 28.
Bxb6 Qxb6 29. Rxc6 Qa5 30. d7 Red8 31. Rxg6 Rxd7 32. Bxa8 1-0

[Event "Schachfestival 2014"]
[Site "Bad WÃ¶rishofen"]
[Date "2014.03.25"]
[Round "6.7"]
[White "Pap, Misa"]
[Black "Kummerow, Heiko"]
[Result "1-0"]
[WhiteElo "2495"]
[BlackElo "2263"]
[Annotator "chessorg"]
[PlyCount "73"]
[EventDate "2014.??.??"]
[WhiteTeam "Sfr. Korbach"]
[BlackTeam "Recklinghaeuser Schachgemeinschaf"]

1. e4 e6 2. d4 d5 3. Nd2 Be7 4. e5 c5 5. c3 Nc6 6. Ndf3 Qb6 7. Bd3 cxd4 8. cxd4
Bd7 9. Ne2 Nb4 10. Bb1 Bb5 11. O-O Qa6 12. Re1 Nd3 13. Bxd3 Bxd3 14. Nc3 Rc8
15. a4 Bb4 16. Re3 Bg6 17. Nb5 Bc2 18. Qf1 Nh6 19. Bd2 Be7 20. b3 Nf5 21. Rc3
Rxc3 22. Bxc3 O-O 23. Nd2 Qb6 24. Rc1 a6 25. Nd6 Bxd6 26. exd6 Be4 27. f3 Nxd4
28. Kh1 Bf5 29. a5 Qa7 30. g4 Bg6 31. Qg1 Nb5 32. Qxa7 Nxa7 33. Bd4 Nb5 34. Be5
Na7 35. d7 Rd8 36. Rc7 Bd3 37. Bd4 1-0

[Event "Schachfestival 2014"]
[Site "Bad WÃ¶rishofen"]
[Date "2014.03.25"]
[Round "6.9"]
[White "Pirrot, Dieter"]
[Black "Zuse, Peter"]
[Result "1-0"]
[WhiteElo "2379"]
[BlackElo "2262"]
[Annotator "chessorg"]
[PlyCount "49"]
[EventDate "2014.??.??"]
[WhiteTeam "SV 1920 Hofheim"]
[BlackTeam "Klub KÃ¶lner Schachfreunde"]

1. e4 c5 2. d4 cxd4 3. c3 dxc3 4. Nxc3 Nc6 5. Nf3 a6 6. Bc4 e6 7. O-O Qc7 8.
Nd5 exd5 9. exd5 Nce7 10. Bb3 d6 11. Re1 h6 12. Qd4 Rh7 13. Bd2 g5 14. Rac1 Qd8
15. Bc2 Bg7 16. Qa4+ b5 17. Qa3 Rh8 18. Ba5 Qd7 19. Bd3 Kf8 20. Rc7 Qg4 21.
Qxd6 Bf6 22. Rexe7 Bxe7 23. Rxe7 Qf4 24. Re8+ Kg7 25. Qf8+ 1-0

[Event "Schachfestival 2014"]
[Site "Bad WÃ¶rishofen"]
[Date "2014.03.25"]
[Round "6.10"]
[White "Mainka, Romuald"]
[Black "Müller, Werner"]
[Result "1-0"]
[WhiteElo "2416"]
[BlackElo "2172"]
[Annotator "chessorg"]
[PlyCount "79"]
[EventDate "2014.??.??"]
[WhiteTeam "Schachclub Hansa Dortmund e.V."]
[BlackTeam "SK GÃ¶ggingen 1908"]

1. e4 d6 2. d4 Nf6 3. Nc3 g6 4. Be3 Bg7 5. Qd2 c6 6. Nf3 b5 7. Bd3 O-O 8. h3 a6
9. O-O Nbd7 10. e5 Ne8 11. exd6 Nxd6 12. Bh6 Bb7 13. Bxg7 Kxg7 14. Qf4 Rc8 15.
Ne5 c5 16. Nxd7 Qxd7 17. Rfe1 c4 18. Bf1 Rfe8 19. Rad1 Rcd8 20. d5 Qf5 21. Qd4+
Qf6 22. g4 Rd7 23. Re5 Kg8 24. Qe3 Red8 25. Bg2 Nc8 26. a3 Kf8 27. Re1 Kg8 28.
Qg3 Nd6 29. h4 a5 30. g5 Qg7 31. Rxe7 Rxe7 32. Rxe7 b4 33. axb4 axb4 34. Ne4
Kf8 35. Nxd6 Kxe7 36. Nxb7 Rd7 37. Nc5 Rd8 38. c3 bxc3 39. bxc3 Ke8 40. Ne4 1-0

[Event "Schachfestival 2014"]
[Site "Bad WÃ¶rishofen"]
[Date "2014.03.25"]
[Round "6.18"]
[White "Marian, Hartmut"]
[Black "Raghavi, N."]
[Result "0-1"]
[WhiteElo "2048"]
[BlackElo "2213"]
[Annotator "chessorg"]
[PlyCount "74"]
[EventDate "2014.??.??"]
[WhiteTeam "Schachklub Germering e. V."]

1. e4 e5 2. Nf3 Nc6 3. d4 exd4 4. Nxd4 Nf6 5. Nxc6 bxc6 6. e5 Qe7 7. Qe2 Nd5 8.
c4 Ba6 9. Nd2 g6 10. Nf3 Bg7 11. Bg5 Qb4+ 12. Qd2 Qxd2+ 13. Bxd2 Nb6 14. b3 d6
15. O-O-O dxe5 16. Bc3 f6 17. h4 c5 18. h5 Bb7 19. Bd3 Kf7 20. Rde1 Rae8 21.
Nd2 f5 22. f3 Nc8 23. Bc2 Nd6 24. Rhf1 e4 25. Bxg7 Kxg7 26. fxe4 fxe4 27. Rf4
Rhf8 28. Rg4 Bc8 29. Rh4 Rf2 30. hxg6 hxg6 31. Bxe4 Rxg2 32. Reh1 Rf2 33. Bd3
Re3 34. Bb1 Kf6 35. Rg1 Bf5 36. Bxf5 gxf5 37. Rh7 Rc3+ 0-1

[Event "Schachfestival 2014"]
[Site "Bad WÃ¶rishofen"]
[Date "2014.03.25"]
[Round "6.19"]
[White "Calzetta, Monica"]
[Black "Partenheimer, Axel"]
[Result "1-0"]
[WhiteElo "2208"]
[BlackElo "2126"]
[Annotator "chessorg"]
[PlyCount "77"]
[EventDate "2014.??.??"]
[BlackTeam "Duesseldorfer Schachklub 14/25 e."]

1. e4 c5 2. Nf3 e6 3. d4 cxd4 4. Nxd4 Nc6 5. Be2 Nf6 6. Nc3 Qc7 7. Be3 a6 8. f4
d6 9. O-O Be7 10. Qe1 O-O 11. Qg3 Nxd4 12. Bxd4 b5 13. a3 Bb7 14. Kh1 Rad8 15.
Rae1 Rd7 16. Bd3 Re8 17. Rf3 Bd8 18. Nd1 e5 19. Bc3 g6 20. Qh3 Nh5 21. f5 d5
22. Nf2 Nf6 23. fxg6 fxg6 24. Ng4 Nxg4 25. Qxg4 d4 26. Bb4 Rf7 27. Rxf7 Qxf7
28. Rf1 Bf6 29. a4 Bc6 30. axb5 axb5 31. Qe2 Qe6 32. Bxb5 Bxb5 33. Qxb5 Bg7 34.
h3 h5 35. Bc5 Rc8 36. b4 Bh6 37. Qb7 Rd8 38. Ra1 Bf8 39. Ra7 1-0

[Event "Schachfestival 2014"]
[Site "Bad WÃ¶rishofen"]
[Date "2014.03.25"]
[Round "6.20"]
[White "Maier, Marius"]
[Black "Seyfried, Claus"]
[Result "1-0"]
[WhiteElo "1949"]
[BlackElo "2208"]
[Annotator "chessorg"]
[PlyCount "49"]
[EventDate "2014.??.??"]
[WhiteTeam "SC Dielheim"]

1. d4 d5 2. c4 e6 3. Nc3 c6 4. e4 dxe4 5. Nxe4 Bb4+ 6. Bd2 Qxd4 7. Bxb4 Qxe4+
8. Be2 Na6 9. Ba5 f6 10. Nf3 Bd7 11. Qd6 b6 12. O-O-O O-O-O 13. Bd3 Qg4 14. Bc3
Nh6 15. Nd4 Nf7 16. Qa3 Kb7 17. Kb1 Nc5 18. Bc2 e5 19. b4 Ne4 20. Rhe1 Nfd6 21.
b5 Nxc4 22. Qa6+ Ka8 23. Bxe4 exd4 24. bxc6 Bc8 25. Qxc4 1-0

[Event "Schachfestival 2014"]
[Site "Bad WÃ¶rishofen"]
[Date "2014.03.25"]
[Round "6.24"]
[White "Römhild, Marcus"]
[Black "Bodrozic, Tomislav"]
[Result "0-1"]
[WhiteElo "2084"]
[BlackElo "2259"]
[Annotator "chessorg"]
[PlyCount "72"]
[EventDate "2014.??.??"]
[WhiteTeam "LSV Turm Lippstadt"]
[BlackTeam "SF Birkenfeld"]

1. e4 c5 2. Nc3 Nc6 3. f4 g6 4. Nf3 Bg7 5. Bb5 Nd4 6. O-O a6 7. Bd3 d6 8. Nxd4
cxd4 9. Ne2 Nf6 10. Kh1 e5 11. c3 O-O 12. cxd4 exd4 13. Qe1 Re8 14. Qh4 Bd7 15.
f5 Nxe4 16. Qxd8 Raxd8 17. fxg6 hxg6 18. Bc4 Be6 19. Bxe6 fxe6 20. d3 Nc5 21.
Bg5 Rd7 22. Nf4 e5 23. b4 exf4 24. bxc5 dxc5 25. Bxf4 Rf7 26. g3 Re2 27. h4 Be5
28. Bxe5 Rxe5 29. Rxf7 Kxf7 30. Rc1 Ke6 31. Kg1 Kd5 32. Kf2 Re3 33. Rd1 b5 34.
Rd2 c4 35. dxc4+ bxc4 36. Rb2 c3 0-1

[Event "Schachfestival 2014"]
[Site "Bad WÃ¶rishofen"]
[Date "2014.03.25"]
[Round "6.25"]
[White "Rahls, Peter"]
[Black "Schiffer, Steve"]
[Result "1-0"]
[WhiteElo "2238"]
[BlackElo "2082"]
[Annotator "chessorg"]
[PlyCount "75"]
[EventDate "2014.??.??"]
[WhiteTeam "SK Zehlendorf e.V."]
[BlackTeam "Freibauer Moerlenbach-Birkenau"]

1. e4 g6 2. d4 d6 3. Nc3 Bg7 4. Nge2 c6 5. g3 Qc7 6. Bg2 e5 7. Be3 Nd7 8. O-O
Ne7 9. f4 f5 10. fxe5 dxe5 11. d5 cxd5 12. exd5 Qd8 13. d6 Nc6 14. Nb5 O-O 15.
Nc7 Rb8 16. Ne6 Qf6 17. Nxf8 Bxf8 18. Qd5+ Kh8 19. Rad1 Nb4 20. Qd2 Nc6 21. Nc3
a6 22. Ne4 Qg7 23. Ng5 Nf6 24. Bd5 Nd8 25. Bb6 h6 26. Bxd8 hxg5 27. Bc7 Ra8 28.
Qxg5 Nxd5 29. Rxd5 Bd7 30. Bd8 Rxd8 31. Qxd8 Kg8 32. Rc5 e4 33. c3 Qh6 34. Qxd7
Qe3+ 35. Kg2 Qxc5 36. Qe6+ Kg7 37. d7 Be7 38. b4 1-0

[Event "Schachfestival 2014"]
[Site "Bad WÃ¶rishofen"]
[Date "2014.03.25"]
[Round "6.26"]
[White "Felgendreher, Heiko"]
[Black "Matzat, Andre"]
[Result "1-0"]
[WhiteElo "2229"]
[BlackElo "2078"]
[Annotator "chessorg"]
[PlyCount "45"]
[EventDate "2014.??.??"]
[WhiteTeam "Freibauer Moerlenbach-Birkenau"]
[BlackTeam "Schachclub Weisse Dame Borbeck 25"]

1. e4 c6 2. d4 d5 3. exd5 cxd5 4. c4 Nf6 5. Nc3 g6 6. Qb3 Bg7 7. cxd5 O-O 8.
Nge2 Na6 9. g3 Qb6 10. Qxb6 axb6 11. Bg2 Nb4 12. O-O Rd8 13. d6 Rxd6 14. Bf4
Rd7 15. Be5 Nfd5 16. a3 Nxc3 17. bxc3 Nc6 18. Bxg7 Kxg7 19. Rfb1 Rd6 20. Nf4
Na5 21. Nd5 Nc4 22. Nc7 Rxa3 23. Rxa3 1-0

[Event "Schachfestival 2014"]
[Site "Bad WÃ¶rishofen"]
[Date "2014.03.25"]
[Round "6.30"]
[White "Pitschka, Claus"]
[Black "Höller, Armin"]
[Result "1/2-1/2"]
[WhiteElo "2203"]
[BlackElo "2063"]
[Annotator "chessorg"]
[PlyCount "31"]
[EventDate "2014.??.??"]
[BlackTeam "SK Bad Aibling"]

1. d4 f5 2. Nc3 Nf6 3. Bg5 e6 4. e4 fxe4 5. Bxf6 Qxf6 6. Nxe4 Qe7 7. Qd2 b6 8.
O-O-O Bb7 9. Nc3 Na6 10. Nf3 O-O-O 11. Bxa6 Bxa6 12. Rhe1 Qf6 13. Ne4 Qf5 14.
Ne5 Be7 15. g4 Qf8 16. f4 1/2-1/2

[Event "Schachfestival 2014"]
[Site "Bad WÃ¶rishofen"]
[Date "2014.03.25"]
[Round "6.31"]
[White "Schiegg, Peter"]
[Black "Zunker, Reinhard"]
[Result "0-1"]
[WhiteElo "2019"]
[BlackElo "2188"]
[Annotator "chessorg"]
[PlyCount "92"]
[EventDate "2014.??.??"]
[BlackTeam "SV 1920 Hofheim"]

1. c4 g6 2. Nc3 Bg7 3. Nf3 d6 4. g3 e5 5. d3 Nc6 6. Bg2 f5 7. Bg5 Qd7 8. Qc1 h6
9. Bd2 g5 10. h4 g4 11. Ng1 Nf6 12. Nd5 Qf7 13. b4 Be6 14. b5 Nd8 15. Nb4 Nh5
16. Rb1 f4 17. gxf4 Nxf4 18. Bxf4 exf4 19. Be4 O-O 20. f3 g3 21. Kf1 Bd4 22.
Kg2 Qd7 23. Nh3 Be3 24. Qb2 Qg7 25. Qxg7+ Kxg7 26. a4 Rc8 27. a5 c6 28. a6 d5
29. axb7 Nxb7 30. bxc6 dxe4 31. cxb7 Rb8 32. fxe4 Rxb7 33. Nc6 Rc7 34. Ne5 Kf6
35. Rb5 a6 36. Ra5 Ra8 37. Rb1 Rc5 38. Rxc5 Bxc5 39. Nc6 Be3 40. Ra1 Bd7 41.
Nb4 Ke5 42. Rxa6 Rxa6 43. Nxa6 Bg4 44. Ng1 Bxg1 45. Kxg1 Bxe2 46. Nb4 f3 0-1

[Event "Schachfestival 2014"]
[Site "Bad WÃ¶rishofen"]
[Date "2014.03.25"]
[Round "6.33"]
[White "Babar, Michael"]
[Black "Kupfer, Michael"]
[Result "1/2-1/2"]
[WhiteElo "2170"]
[BlackElo "2049"]
[Annotator "chessorg"]
[PlyCount "39"]
[EventDate "2014.??.??"]
[WhiteTeam "Schachclub Hansa Dortmund e.V."]
[BlackTeam "SC Friesen Lichtenberg"]

1. e4 d6 2. Nc3 Nf6 3. g3 e5 4. Bg2 Be7 5. d3 c6 6. Qe2 Qb6 7. h3 Nbd7 8. Nf3
Nf8 9. Nd1 Ng6 10. Ne3 d5 11. Nf5 dxe4 12. dxe4 Qb4+ 13. Nd2 O-O 14. O-O Re8
15. a3 Qb6 16. Nxe7+ Rxe7 17. Nb3 h6 18. Be3 Qc7 19. Rfd1 b6 20. Qd2 1/2-1/2

[Event "Schachfestival 2014"]
[Site "Bad WÃ¶rishofen"]
[Date "2014.03.25"]
[Round "6.38"]
[White "Baeuml, Ulrich"]
[Black "Zemlicka, Vit"]
[Result "1-0"]
[WhiteElo "2123"]
[BlackElo "1962"]
[Annotator "chessorg"]
[PlyCount "33"]
[EventDate "2014.??.??"]
[WhiteTeam "SC Dillingen"]
[BlackTeam "Sokol-Praha-Kobylisy"]

1. c4 Nf6 2. g3 g6 3. Bg2 Bg7 4. Nc3 O-O 5. Nf3 d6 6. O-O a6 7. Rb1 e5 8. d3 h6
9. b4 Nh5 10. Qb3 Be6 11. b5 axb5 12. Qxb5 Nd7 13. Be3 e4 14. Nxe4 Rxa2 15.
Qxb7 Rxe2 16. Nd4 Ne5 17. Nxe2 1-0

[Event "Schachfestival 2014"]
[Site "Bad WÃ¶rishofen"]
[Date "2014.03.25"]
[Round "6.39"]
[White "Mamyrbay, Assad"]
[Black "Ballon, Günther"]
[Result "1-0"]
[WhiteElo "1958"]
[BlackElo "2116"]
[Annotator "chessorg"]
[PlyCount "71"]
[EventDate "2014.??.??"]

1. e4 c5 2. Nf3 e6 3. d4 cxd4 4. Nxd4 Nf6 5. Nc3 Nc6 6. Ndb5 Bb4 7. a3 Bxc3+ 8.
Nxc3 d5 9. exd5 exd5 10. Bd3 O-O 11. O-O Bg4 12. f3 Be6 13. Bg5 h6 14. Bh4 Qb6+
15. Kh1 Nd7 16. f4 d4 17. Ne2 f5 18. b4 Nf6 19. b5 Na5 20. Bf2 Rfd8 21. c3 Nb3
22. Rb1 Ng4 23. Rxb3 Nxf2+ 24. Rxf2 dxc3 25. Rf3 Bxb3 26. Qxb3+ Kh8 27. Qxc3
Rac8 28. Qb2 Rc5 29. h3 Rcd5 30. Bc4 Rd1+ 31. Kh2 Qc7 32. Qb4 Re8 33. a4 b6 34.
Bb3 Rd7 35. Nd4 g6 36. Nc6 1-0

[Event "Schachfestival 2014"]
[Site "Bad WÃ¶rishofen"]
[Date "2014.03.25"]
[Round "6.45"]
[White "Moors, Marc"]
[Black "Riedl, Günter"]
[Result "1-0"]
[WhiteElo "1876"]
[BlackElo "1925"]
[Annotator "chessorg"]
[PlyCount "69"]
[EventDate "2014.??.??"]
[WhiteTeam "Brasschaat"]
[BlackTeam "SK Marktoberdorf"]

1. d4 d5 2. Nf3 Nf6 3. e3 Bg4 4. c4 Bxf3 5. Qxf3 c6 6. Bd3 e6 7. O-O Nbd7 8.
Nc3 dxc4 9. Bxc4 Nb6 10. Bb3 Be7 11. Rd1 O-O 12. e4 h6 13. Bc2 Nh7 14. Qg4 Bg5
15. f4 Be7 16. e5 Kh8 17. Ne4 f5 18. exf6 Nxf6 19. Nxf6 Rxf6 20. f5 exf5 21.
Bxf5 Qd5 22. Be4 Qb5 23. Bd3 Qb4 24. Qe4 Kg8 25. Bf4 Bd6 26. a3 Qb3 27. Bxd6
Rxd6 28. Qh7+ Kf8 29. Rf1+ Ke8 30. Rae1+ Kd8 31. Rf8+ Kc7 32. Qxg7+ Nd7 33.
Rxa8 Qxd3 34. Qh8 Rf6 35. Qd8+ 1-0

[Event "Schachfestival 2014"]
[Site "Bad WÃ¶rishofen"]
[Date "2014.03.25"]
[Round "6.46"]
[White "Müller, Martin"]
[Black "Thonig, Manfred"]
[Result "1-0"]
[WhiteElo "2139"]
[BlackElo "1573"]
[Annotator "chessorg"]
[PlyCount "40"]
[EventDate "2014.??.??"]
[WhiteTeam "SV Unser Fritz Wanne-Eickel"]
[BlackTeam "SC Starnberg"]

1. e4 d6 2. d4 Nf6 3. Nc3 c6 4. Bg5 Qa5 5. Qd2 h6 6. Bh4 g5 7. Bg3 Nh5 8. Be2
Nxg3 9. hxg3 Bg7 10. Bc4 b5 11. Bb3 Qb6 12. Nge2 a5 13. a4 b4 14. Nd1 Ba6 15.
Ne3 Bxe2 16. Nf5 Kf8 17. Qxe2 Bxd4 18. Rxh6 Bxb2 19. Qh5 Bc3+ 20. Kf1 Qa6+ 1-0

[Event "Schachfestival 2014"]
[Site "Bad WÃ¶rishofen"]
[Date "2014.03.25"]
[Round "6.47"]
[White "Wörl, Richard"]
[Black "Ries, Berthold"]
[Result "1-0"]
[WhiteElo "2047"]
[BlackElo "1914"]
[Annotator "chessorg"]
[PlyCount "57"]
[EventDate "2014.??.??"]
[WhiteTeam "SW Nuernberg Sued e.V."]
[BlackTeam "SU Ebersberg-Grafing"]

1. e4 c5 2. Nf3 d6 3. d4 cxd4 4. Nxd4 Nf6 5. Nc3 a6 6. Be2 e5 7. Nb3 Be6 8. Be3
Be7 9. h3 h5 10. Qd2 O-O 11. Rd1 Nbd7 12. f4 exf4 13. Bxf4 Ne5 14. O-O Qc7 15.
Bg5 Nc4 16. Bxc4 Bxc4 17. Rf3 Rad8 18. Qf4 Bxb3 19. axb3 Qc5+ 20. Kh1 Qe5 21.
Qh4 Rfe8 22. Rf5 Qe6 23. Rdf1 Rc8 24. Bxf6 Bxf6 25. Rxf6 gxf6 26. Rxf6 Qe5 27.
Rf5 Qe6 28. Nd5 Rxc2 29. Rxh5 1-0

[Event "Schachfestival 2014"]
[Site "Bad WÃ¶rishofen"]
[Date "2014.03.25"]
[Round "6.50"]
[White "Valet, Richard"]
[Black "Weichlein, Paul"]
[Result "0-1"]
[WhiteElo "2062"]
[BlackElo "2029"]
[Annotator "chessorg"]
[PlyCount "44"]
[EventDate "2014.??.??"]
[WhiteTeam "Greifswalder SV"]

1. e4 c5 2. Nc3 Nc6 3. g3 g6 4. Bg2 Bg7 5. d3 d6 6. f4 Nf6 7. Nf3 Rb8 8. O-O b5
9. h3 b4 10. Ne2 a5 11. g4 Ba6 12. Ng3 c4 13. d4 c3 14. Re1 h5 15. g5 Ng4 16.
e5 dxe5 17. fxe5 Ncxe5 18. Nxe5 Bxe5 19. Bc6+ Kf8 20. dxe5 Qb6+ 21. Kg2 Qf2+
22. Kh1 Qh2# 0-1

[Event "Schachfestival 2014"]
[Site "Bad WÃ¶rishofen"]
[Date "2014.03.25"]
[Round "6.55"]
[White "Schweizer, Manfred"]
[Black "Malzer, Werner"]
[Result "1-0"]
[WhiteElo "2046"]
[BlackElo "1912"]
[Annotator "chessorg"]
[PlyCount "77"]
[EventDate "2014.??.??"]
[WhiteTeam "Post-SV Memmingen"]
[BlackTeam "TSV Kirchenlaibach"]

1. Nf3 d5 2. g3 Nf6 3. Bg2 e6 4. c4 Nc6 5. d4 Bb4+ 6. Bd2 Bxd2+ 7. Nbxd2 O-O 8.
O-O Rb8 9. e3 b6 10. Rc1 Bb7 11. a3 a5 12. Qc2 Rc8 13. Rfd1 Qe7 14. e4 dxe4 15.
Nxe4 Nb8 16. Nfg5 Nxe4 17. Nxe4 c6 18. c5 b5 19. Qc3 a4 20. Nd6 Rc7 21. b3 axb3
22. Qxb3 Ba6 23. Qc3 Ra7 24. Ra1 Qc7 25. a4 bxa4 26. Rxa4 Be2 27. Rxa7 Qxa7 28.
Ra1 Qc7 29. Ra2 Ba6 30. Qa1 Bb5 31. Ra7 Qd8 32. Qb2 Qf6 33. Nxb5 cxb5 34. c6 h5
35. h4 e5 36. dxe5 Qe6 37. Qxb5 Nxc6 38. Bxc6 Rd8 39. Ra8 1-0